Colombia y el mundo 2010

Bibliographic Details
Main Author: Tickner, Arlene B.
Other Authors: Botero, Felipe
Format: eBook
Language:Spanish
Published: Bogot:̀ Universidad de Los Andes (Colombia), 2011
Subjects:
Online Access:Acceso restringido

MARC

LEADER 00000nam a22000007a 4500
005 20190521222218.0
007 cr|||| ||||
008 190521s2011 co |||||s|||| 00||0 spa d
020 |a 978-958-695-619-2 
035 |a 23316 
040 |a vLex 
090 |c 8797  |d 8797 
100 1 |a Tickner, Arlene B. 
245 1 0 |a Colombia y el mundo 2010  |h [Recurso electrn̤ico] /  |c Arlene B. Tickner, Felipe Botero 
256 |a Servicio en ln̕ea 
260 |a Bogot:̀  |b Universidad de Los Andes (Colombia),  |c 2011 
300 |a 1 recurso electrn̤ico 
506 1 |a Disponible solo en los productos indicados  |d vLex Global  |d vLex Global (Academic Edition, excluding Law Schools)  |d vLex Global (U.S. Academic Edition, Law Schools)  |d vLex Global (U.S. Academic Edition, excluding Law Schools)  |d vLex Global (Academic Edition, Law Schools) 
650 0 4 |a Derecho Internacional  |z Colombia 
700 1 |a Botero, Felipe 
740 0 |a vLex Libros (Servicio en ln̕ea) 
856 4 0 |u http://vlex.com/source/colombia-mundo-2010-23316  |z Acceso restringido 
942 |c BOOK 
999 0 |a International right